Africa Quiz - Statistics

General Stats
  • This quiz has been taken 9 times
  • The average score is 48 of 54
Answer Stats
Hint Answer % Correct
Algeria
100%
Botswana
100%
Chad
100%
DRC DR Congo
100%
Egypt
100%
Ethiopia
100%
Ghana
100%
Côte d'Ivoire Ivory Coast
100%
Kenya
100%
Malawi
100%
Mali
100%
Morroco
100%
Namibia
100%
Niger
100%
Nigeria
100%
Rwanda
100%
Somalia
100%
SA South Africa
100%
SS South Sudan
100%
Sudan
100%
Tanzania
100%
Togo
100%
Uganda
100%
Zimbabwe
100%
Angola
86%
Benin
86%
BF Burkina Faso
86%
Burundi
86%
CV Cape Verde
86%
CAR Central African Republic
86%
Comoros
86%
Congo
86%
Djibouti
86%
Eritrea
86%
Eswatini
86%
Gabon
86%
Gambia
86%
Lesotho
86%
Mauritania
86%
Mozambique
86%
ST&P Sao Tome
86%
Senegal
86%
Seychelles
86%
SL Sierra Leone
86%
Tunisia
86%
Zambia
86%
Cameroon
71%
EG Equatorial Guinea
71%
Guinea
71%
GB Guinea Bissau
71%
Liberia
71%
Libya
71%
Madagascar
71%
Mauritus
43%
No matching quizzes found
Score Distribution
Percent of People with Each Score
Percentile by Number Answered
Your Score History
You have not taken this quiz